Operaciones de comercio internacional ocasionales y en representación (Registro nro. 23563)

Detalles MARC
000 -LEADER
fixed length control field 00365 a2200109 4500
001 - CONTROL NUMBER
control field ART_9195
005 - DATE AND TIME OF LATEST TRANSACTION
control field 20260410161835.0
008 - FIXED-LENGTH DATA ELEMENTS--GENERAL INFORMATION
fixed length control field 260409a
100 1# - MAIN ENTRY--PERSONAL NAME
Personal name Fratalocchi, Aldo
245 10 - TITLE STATEMENT
Title Operaciones de comercio internacional ocasionales y en representación
773 0# - HOST ITEM ENTRY
Title Contabilidad y administración
Related parts - Año 4, Nº 38 (ago. 1980)
Record control number REV5485

No hay ítems disponibles.